A Practical Book Of Physical Pharmaceutics (Record no. 9022)
[ view plain ]
| 000 -LEADER | |
|---|---|
| fixed length control field | 00492nam a22001697a 4500 |
| 003 - CONTROL NUMBER IDENTIFIER | |
| control field | OSt |
| 008 - FIXED-LENGTH DATA ELEMENTS--GENERAL INFORMATION | |
| fixed length control field | 200715b ||||| |||| 00| 0 eng d |
| 082 ## - DEWEY DECIMAL CLASSIFICATION NUMBER | |
| Classification number | 615.19 DAP |
| 100 ## - MAIN ENTRY--PERSONAL NAME | |
| Personal name | Das, Sudip |
| 245 ## - TITLE STATEMENT | |
| Title | A Practical Book Of Physical Pharmaceutics |
| 250 ## - EDITION STATEMENT | |
| Edition statement | 2019 |
| 260 ## - PUBLICATION, DISTRIBUTION, ETC. (IMPRINT) | |
| Place of publication, distribution, etc | New Delhi |
| Name of publisher, distributor, etc | Nirali |
| 300 ## - PHYSICAL DESCRIPTION | |
| Extent | Pg-69 |
| 650 ## - SUBJECT ADDED ENTRY--TOPICAL TERM | |
| Topical term or geographic name as entry element | Pharmaceutics- Drug Delivery Systems,Pharmaceutical Engineering regulraty Science |
| 700 ## - ADDED ENTRY--PERSONAL NAME | |
| Personal name | Shankar ,Ravi And Shubhrajit , Mantry |
| 942 ## - ADDED ENTRY ELEMENTS (KOHA) | |
| Source of classification or shelving scheme | Dewey Decimal Classification |
| Koha item type | Text Books |
| Withdrawn status | Lost status | Source of classification or shelving scheme | Damaged status | Not for loan | Collection code | Home library | Current library | Date acquired | Source of acquisition | Currency | Cost, normal purchase price | Bill Number | Total Checkouts | Full call number | Acc. no. / Barcode | Date last seen | Actual Cost, discounted price | Bill Date | Koha item type | Date last borrowed | Checked out |
|---|---|---|---|---|---|---|---|---|---|---|---|---|---|---|---|---|---|---|---|---|---|
| Dewey Decimal Classification | B.Pharma | PIET C-LIBRARY | PIET C-LIBRARY | 01/02/2020 | Kirti Prakashan | Indian Rup | 65.00 | IN6233 | 615.19 DAP | BP952 | 15/07/2020 | 48.10 | 01/02/2020 | Reference Books | |||||||
| Dewey Decimal Classification | B.Pharma | PIET C-LIBRARY | PIET C-LIBRARY | 01/02/2020 | Kirti Prakashan | Indian Rup | 65.00 | IN6233 | 2 | 615.19 DAP | BP953 | 30/04/2024 | 48.10 | 01/02/2020 | Text Books | 16/02/2024 | |||||
| Dewey Decimal Classification | B.Pharma | PIET C-LIBRARY | PIET C-LIBRARY | 01/02/2020 | Kirti Prakashan | Indian Rup | 65.00 | IN6233 | 615.19 DAP | BP954 | 15/07/2020 | 48.10 | 01/02/2020 | Text Books | |||||||
| Dewey Decimal Classification | B.Pharma | PIET C-LIBRARY | PIET C-LIBRARY | 01/11/2022 | Kirti Prakashan | Indian Rup | 65.00 | IN3266 | 2 | 615.19 DAP | BP1660 | 06/04/2026 | 48.75 | 11/01/2022 | Text Books | 06/04/2026 | 23/10/2026 | ||||
| Dewey Decimal Classification | B.Pharma | PIET C-LIBRARY | PIET C-LIBRARY | 01/11/2022 | Kirti Prakashan | Indian Rup | 65.00 | IN3266 | 615.19 DAP | BP1661 | 15/01/2022 | 48.75 | 11/01/2022 | Text Books | |||||||
| Dewey Decimal Classification | B.Pharma | PIET C-LIBRARY | PIET C-LIBRARY | 01/11/2022 | Kirti Prakashan | Indian Rup | 65.00 | IN3266 | 1 | 615.19 DAP | BP1662 | 18/02/2025 | 48.75 | 11/01/2022 | Text Books | 03/02/2025 | |||||
| Dewey Decimal Classification | B.Pharma | PIET C-LIBRARY | PIET C-LIBRARY | 01/11/2022 | Kirti Prakashan | Indian Rup | 65.00 | IN3266 | 615.19 DAP | BP1663 | 15/01/2022 | 48.75 | 11/01/2022 | Text Books | |||||||
| Dewey Decimal Classification | B.Pharma | PIET C-LIBRARY | PIET C-LIBRARY | 01/11/2022 | Kirti Prakashan | Indian Rup | 65.00 | IN3266 | 1 | 615.19 DAP | BP1664 | 28/10/2025 | 48.75 | 11/01/2022 | Text Books | 28/10/2025 | 18/05/2026 |